Páginas escogidas

Сохранить в:
Библиографические подробности
Главный автор: Sender, Ramón José (Автор)
Формат:
Язык:испанский
Опубликовано: Madrid Gredos 1972
Серии:Biblioteca Románica Hispánica, 6. Antología Hispánica
Предметы:
Метки: Добавить метку
Нет меток, Требуется 1-ая метка записи!

MARC

LEADER 00000nam a2200000 a 4500
001 UCM2692
003 CL-VaPUC
008 020613e19720000SP |||||||||||||||||spa|d
082 0 4 |a 863  |b SEN  |2 21 
100 0 |a Sender, Ramón José  |e author  |9 314538 
245 1 0 |a Páginas escogidas 
300 |a 343 p 
942 |c BK 
945 |d 20020613 00:00:00  |a cmena 
260 |a Madrid  |b Gredos  |c 1972 
650 0 |a Novelas españolas  |9 265052 
650 0 |a Literatura española  |9 306261 
650 0 |a Antologías  |9 309836 
583 |a last modification  |c 20020613 00:00:00  |k Rodrigo Vera 
490 0 |a Biblioteca Románica Hispánica, 6. Antología Hispánica 
999 |c 300417  |d 300415 
952 |0 0  |1 0  |4 0  |6 863_000000000000000_SEN_1972  |7 0  |8 A  |9 358196  |a FDOPOS  |b FDOPOS  |d 2019-11-21  |i 3789918  |o 863 SEN 1972  |p 3789918  |r 2025-01-22  |w 2019-11-21  |y BK  |k MLH